Statistics for Charlotte Hornets All Stars: NBA

Click here to take the quiz!

General Stats

  • This quiz has been taken 27 times
  • The average score is 5 of 8

Answer Stats

CareerCareer With HornetsAll StarsPlayer% Correct
2012-20232012-20194xKemba Walker
93%
2021-2021-1xLaMelo Ball
93%
1993-20081993-19957xAlonzo Mourning
80%
1992-20011992-19962xLarry Johnson
73%
1990-20041996-19983xGlen Rice
47%
2000-20122000-20022xBaron Davis
40%
1995-20081999-20003xEddie Jones
40%
2002-20152006-20111xGerald Wallace
40%

Score Distribution

Percentile by Number Answered

Percent of People with Each Score

Your Score History

You have not taken this quiz